000
00278nam a2200085Ia 4500
008
171024s2000 xx 000 0 und d
245
_a
Icun-The World Conservation Union:Commission On Environmental Law
260
_a
Switzerland
_b
IUCN
_c
2000
650
_a
Environmental law- commission
999
_c
110476
_d
110476